000 00295nam a22001337a 4500
008 181019b xxu||||| |||| 00| 0 eng d
020 _a9780520026131
041 _aeng
080 _a701
100 _a45
101 _aART
245 _aArt and Visual Perception
_cArnheim, R
942 _2udc
_cBK
999 _c50263
_d50263